| 000 | 00664nam a2200193Ia 4500 | ||
|---|---|---|---|
| 003 | IN-BaIIA | ||
| 008 | 211028s9999 xx 000 0 eng d | ||
| 020 | _a0-442-25584-5 | ||
| 040 | _cIIA Library | ||
| 080 |
_a(035)5 _bVNR |
||
| 100 |
_aMoses, Alfred _910710 |
||
| 245 | 4 |
_aThe Practicing Scientist's Handbook A Guide for Physical and Terrestrial Scientists and Engineers _cAlfred Moses |
|
| 260 |
_aNew York _bVan Nostrand Reinhold _c1978 |
||
| 300 | _ax, 1292p. | ||
| 650 | _aAstronomy and Astrophysics Thesaurus | ||
| 650 |
_aHandbooks-Engineers _910711 |
||
| 650 |
_aHandbooks-Scientists _910712 |
||
| 942 | _cBK | ||
| 999 |
_c6228 _d6228 |
||